Midnight Sun (Lyrics)- Zara Larsson - Statistics

General Stats
  • This quiz has been taken 214 times
  • The average score is 178 of 249
Answer Stats
Answer % Correct
a
96%
A
96%
midnight
96%
sun
96%
I
95%
it
91%
never
91%
the
91%
ending
90%
you
89%
in
88%
No
87%
no
87%
It's
84%
it's
84%
me
84%
your
84%
my
83%
like
81%
on
81%
over
78%
this
78%
Summer
77%
yet
77%
skin
75%
isn't
74%
all
72%
chest
72%
I'm
72%
part
72%
sand
71%
so
71%
time
71%
We
71%
we
71%
with
71%
yeah
71%
now
70%
tell
70%
Ain't
69%
ain't
69%
heart
69%
one
69%
When
69%
can
68%
Hold
68%
light
68%
little
68%
city
67%
favorite
67%
hand
67%
louder
67%
not
67%
Skinny
67%
tonight
67%
nightmares
66%
see
66%
Layin'
65%
out
65%
still
65%
dipping
64%
pebbles
63%
find
62%
tan
62%
Show
61%
under
61%
up
61%
Can't
60%
faster
60%
Feel
60%
feel
60%
gotta
60%
turn
60%
boy
59%
red
59%
lines
58%
and
57%
golden
57%
initials
57%
sky
56%
playlist
54%
sun-kissed
54%
drive
53%
touch
53%
feeling
52%
moon
52%
By
50%
stars
50%
toes
49%
down
48%
high
48%
hour
48%
rise
48%
low
47%
between
46%
Laying
46%
Connected
44%
grass
44%
hair
44%
nice
43%
protected
43%
Rooftop
43%
rooftop
43%
but
42%
barefoot
40%
Bombshell
40%
something
40%
been
38%
blow
38%
empty
37%
let
37%
Road's
37%
while
37%
wind
37%
cried
36%
since
36%
walking
36%
baby
32%
nothing
31%
taken
22%
that
20%
No matching quizzes found
Score Distribution
Percent of People with Each Score
Percentile by Number Answered
Your Score History
You have not taken this quiz